ATEEZ - Toutes les chansons - Statistiques

Statistiques générales
  • Ce quiz a été pris 168 fois
    20 depuis la dernière actualisation
  • Le résultat moyen est 97 sur 198
Statistiques - réponses
Hint Réponse % Correct
GOLDEN HOUR: Part.1 3 WORK
90%
Singles 2024 WORK Pt2 - ATEEZ X Don Diablo
90%
Singles 2024 WORK Pt3 - ATEEZ X Eden-ary
90%
Singles 2024 WORK Pt4 - ATEEZ X G-Eazy
90%
GOLDEN HOUR: Part.4 2 Adrenaline
80%
THE WORLD EP.2: OUTLAW 3 BOUNCY (K-HOT CHILLI PEPPERS)
80%
GOLDEN HOUR: Part.3 'In Your Fantasy Edition' 11 Creep
80%
SPIN OFF: FROM THE WITNESS 1 HALAZIA
80%
GOLDEN HOUR: Part.4 3 NASA
80%
TREASURE EP.1: All to Zero 3 Treasure
80%
Birthday 1 Birthday
70%
Ashes to Light 8 Birthday
70%
Birthday 4 Birthday - Instrumental
70%
THE WORLD EP.FIN: WILL 3 Crazy Form
70%
ZERO - FEVER Part.3 3 Deja Vu
70%
BEYOND ZERO 2 Deja Vu - Japanese Ver.
70%
THE WORLD EP.2: OUTLAW 2 Dune
70%
GOLDEN HOUR: Part.1 1 Golden Hour
70%
THE WORLD EP.1: MOVEMENT 4 Guerrilla
70%
THE WORLD EP. PARADIGM 4 Guerrilla - Flag Ver.
70%
TREASURE EP.2: Zero To One 1 HALA HALA (Hearts Awakened, Live Alive)
70%
GOLDEN HOUR: Part.2 3 Ice On My Teeth
70%
GOLDEN HOUR: Part.3 'In Your Fantasy Edition' 6 In Your Fantasy
70%
GOLDEN HOUR: Part.3 'In Your Fantasy Edition' 15 In Your Fantasy (Korean Ver.)
70%
GOLDEN HOUR: Part.3 'In Your Fantasy Edition' 10 Legacy
70%
GOLDEN HOUR: Part.3 1 Lemon Drop
70%
GOLDEN HOUR: Part.2 4 Man on Fire
70%
THE WORLD EP.FIN: WILL 8 MATZ
70%
TREASURE EP.FIN: All To Action 4 MIST
70%
NOT OKAY 1 NOT OKAY
70%
Ashes to Light 6 NOT OKAY
70%
NOT OKAY 3 NOT OKAY - Instrumental
70%
GOLDEN HOUR: Part.4 4 On The Road
70%
TREASURE EP.1: All to Zero 2 Pirate King
70%
Into the A to Z 1 Pirate King - Japanese Ver.
70%
GOLDEN HOUR: Part.3 'In Your Fantasy Edition' 12 ROAR
70%
ZERO - FEVER Part.3 4 ROCKY
70%
BEYOND ZERO 3 ROCKY - BoxersVer.
70%
GOLDEN HOUR: Part.3 'In Your Fantasy Edition' 8 Skin
70%
ZERO - FEVER Part.2 4 Take Me Home
70%
ZERO - FEVER Part.2 6 Take Me Home - English Version
70%
SPIN OFF: FROM THE WITNESS 4 Take Me Home - IDIOTAPE Remix
70%
BEYOND ZERO 6 Take Me Home - Japanese Ver.
70%
ZERO - FEVER Part.1 3 THANXX
70%
Into the A to Z 8 THANXX - Japanese Ver.
70%
ZERO : FEVER EPILOGUE 6 The Real - Heung Version
70%
THE WORLD EP.2: OUTLAW 5 Wake Up
70%
TREASURE EP.FIN: All To Action 2 WONDERLAND
70%
Into the A to Z 5 WONDERLAND - Japanese Ver.
70%
TREASURE EP. Map To Answer 4 WONDERLAND - SEAN OH's Skrt Mix
70%
ZERO : FEVER EPILOGUE 8 WONDERLAND (Symphony No.9"From the Wonderland")
70%
THE WORLD EP.FIN: WILL 10 Youth
70%
Ashes to Light 1 Ash
60%
GOLDEN HOUR: Part.1 2 Blind
60%
GOLDEN HOUR: Part.4 5 Choose
60%
THE WORLD EP.1: MOVEMENT 3 Cyberpunk
60%
THE WORLD EP. PARADIGM 3 Cyberpunk - Japanese Ver.
60%
TREASURE EP.3: One To All 6 Dancing Like Butterfly Wings
60%
GOLDEN HOUR: Part.2 1 DEEP DIVE
60%
THE WORLD EP.2: OUTLAW 4 DJANGO
60%
THE WORLD EP.FIN: WILL 2 Emergency
60%
ZERO - FEVER Part.3 1 Eternal Sunshine
60%
THE WORLD EP.FIN: WILL 11 Everything
60%
ZERO - FEVER Part.1 2 FEVER
60%
ZERO - FEVER Part.2 1 Fireworks (I'm The One)
60%
BEYOND ZERO 7 Fireworks (I'm The One) - Japanese Ver.
60%
GOLDEN HOUR: Part.4 1 Ghost
60%
ZERO - FEVER Part.1 6 Good Lil Boy
60%
ZERO - FEVER Part.1 5 INCEPTION
60%
Into the A to Z 9 INCEPTION - Japanese Ver.
60%
THE WORLD EP. PARADIGM 1 Intro: Siren
60%
THE WORLD EP.FIN: WILL 9 IT's You
60%
Limitless 1 Limitless
60%
Limitless 3 Limitless - Instrumental
60%
GOLDEN HOUR: Part.3 2 Masterpiece
60%
TREASURE EP.1: All to Zero 6 My Way
60%
THE WORLD EP.1: MOVEMENT 7 New World
60%
THE WORLD EP. PARADIGM 5 New World - Japanese Ver.
60%
GOLDEN HOUR: Part.3 'In Your Fantasy Edition' 7 NO1
60%
GOLDEN HOUR: Part.3 3 Now this house ain't a home
60%
THE WORLD EP.2: OUTLAW 6 Outlaw
60%
THE WORLD EP. PARADIGM 2 Paradigm
60%
GOLDEN HOUR: Part.3 'In Your Fantasy Edition' 13 Sagittarius
60%
THE WORLD EP.1: MOVEMENT 2 Sector 1
60%
GOLDEN HOUR: Part.2 5 Selfish Waltz
60%
GOLDEN HOUR: Part.1 5 Shaboom
60%
GOLDEN HOUR: Part.1 6 Siren
60%
GOLDEN HOUR: Part.3 'In Your Fantasy Edition' 9 Slide to me
60%
TREASURE EP.FIN: All To Action 8 THANK U
60%
Season Songs 3 The Black Cat Nero
60%
ZERO - FEVER Part.2 2 The Leaders
60%
GOLDEN HOUR: Part.3 'In Your Fantasy Edition' 14 To be your light
60%
TREASURE EP.3: One To All 1 UTOPIA
60%
Into the A to Z 3 UTOPIA - Japanese Ver.
60%
TREASURE EP.3: One To All 4 WAVE
60%
ZERO : FEVER EPILOGUE 7 WAVE (Interlude)
60%
TREASURE EP.FIN: All To Action 6 WIN
60%
SPIN OFF: FROM THE WITNESS 2 WIN - June One Remix
60%
TREASURE EPILOGUE: Action To Answer 1 Answer
50%
TREASURE EP. Map To Answer 2 Answer - Japanese Ver.
50%
Into the A to Z 6 Answer - Japanese Ver.
50%
ZERO : FEVER EPILOGUE 9 Answer (Ode to Joy) (feat. LA POEM)
50%
THE WORLD EP.FIN: WILL 4 ARRIBA
50%
TREASURE EP.3: One To All 5 AURORA
50%
Into the A to Z 4 AURORA - Japanese Ver.
50%
Dreamers 1 Dreamers
50%
Dreamers 4 Dreamers - Instrumental
50%
THE WORLD EP.FIN: WILL 7 Dreamy Day
50%
GOLDEN HOUR: Part.2 6 Enough
50%
THE WORLD EP.FIN: WILL 12 FIN: WILL
50%
TREASURE EPILOGUE: Action To Answer 2 Horizon
50%
TREASURE EP.FIN: All To Action 7 If Without You
50%
TREASURE EP.3: One To All 2 ILLUSION
50%
TREASURE EPILOGUE: Action To Answer 4 Precious
50%
TREASURE EP.FIN: All To Action 5 Precious (Overtune)
50%
Birthday 2 Royal
50%
Birthday 5 Royal - Instrumental
50%
TREASURE EP.2: Zero To One 2 Say My Name
50%
Into the A to Z 2 Say My Name - Japanese Ver.
50%
THE WORLD EP.FIN: WILL 5 Silver Light
50%
TREASURE EP.1: All to Zero 5 Stay
50%
TREASURE EP.FIN: All To Action 9 Sunrise
50%
TREASURE EP. Map To Answer 5 Sunrise - Atmospheric Mix by SPACECOWBOY
50%
THE WORLD EP.1: MOVEMENT 5 The Ring
50%
THE WORLD EP.2: OUTLAW 1 This World
50%
ZERO - FEVER Part.1 4 TO THE BEAT
50%
ZERO : FEVER EPILOGUE 1 Turbulence
50%
BEYOND ZERO 5 Turbulence - Japanese Ver.
50%
THE WORLD EP.1: MOVEMENT 6 WDIG (Where Do I Go)
50%
THE WORLD EP.FIN: WILL 1 WE KNOW
50%
TREASURE EP. Map To Answer 3 Better
40%
Into the A to Z 7 Better
40%
ZERO : FEVER EPILOGUE 5 Better - Korean Version
40%
GOLDEN HOUR: Part.3 4 Castle
40%
TREASURE EP.3: One To All 3 Crescent
40%
THE WORLD EP.FIN: WILL 6 Crescent Part.2
40%
NOT OKAY 2 Days
40%
Ashes to Light 7 Days
40%
NOT OKAY 4 Days - Instrumental
40%
TREASURE EP.2: Zero To One 3 Desire
40%
GOLDEN HOUR: Part.1 4 Empty Box
40%
Ashes to Light 4 FACE
40%
Birthday 3 Forevermore
40%
Ashes to Light 9 Forevermore
40%
Birthday 6 Forevermore - Instrumental
40%
ZERO - FEVER Part.3 6 Not Too Late
40%
THE WORLD EP.1: MOVEMENT 1 PROPAGANDA
40%
TREASURE EP.1: All to Zero 4 Twilight
40%
Ashes to Light 2 12 Midnight
30%
TREASURE EP.FIN: All To Action 11 Beginning of the End
30%
Dreamers 2 Blue Summer
30%
TREASURE EP.FIN: All To Action 3 Dazzling Light
30%
Collaborations 2024 Hush-Hush de BE:FIRST
30%
TREASURE EP.2: Zero To One 4 Light
30%
TREASURE EP.2: Zero To One 5 Promise
30%
Into the A to Z 10 Still Here
30%
Dreamers 3 Still Here - Acoustic Version
30%
ZERO : FEVER EPILOGUE 4 Still Here - Korean Version
30%
BEYOND ZERO 4 The King
30%
TREASURE EP.FIN: All To Action 10 WITH U
30%
ZERO - FEVER Part.3 5 All About You
20%
Season Songs 1 Be My Lover
20%
ZERO : FEVER EPILOGUE 2 Be With You
20%
ZERO - FEVER Part.2 5 Celebrate
20%
Ashes to Light 5 Crescendo
20%
ZERO - FEVER Part.1 1 Dear Diary: 2016.07.29
20%
Singles 2022 Don't Stop
20%
TREASURE EP.FIN: All To Action 1 End of the Beginning
20%
ZERO - FEVER Part.3 2 Feeling Like I Do
20%
Singles 2025 From (2018)
20%
ZERO - FEVER Part.1 7 One Day At A Time
20%
GOLDEN HOUR: Part.2 2 Scene 1: Value
20%
Collaborations 2025 SMB de Odetari
20%
TREASURE EPILOGUE: Action To Answer 3 Star 1117
20%
TREASURE EP. Map To Answer 6 Star 1117 - BUDDY'S Melodic Mix
20%
ZERO : FEVER EPILOGUE 3 The Letter
20%
ZERO - FEVER Part.2 3 Time Of Love
20%
Ashes to Light 3 Tippy Toes
20%
Season Songs 2 White Love
20%
Collaborations 2021 A Little Space de Pentatonix
10%
GOLDEN HOUR: Part.3 5 Bridge: The Edge of Reality
10%
TREASURE EP. Map To Answer 1 Declaration
10%
Limitless 2 DIAMOND
10%
Limitless 4 DIAMOND - Instrumental
10%
SPIN OFF: FROM THE WITNESS 3 I'm The One - Eden-ary Remix
10%
ZERO - FEVER Part.2 7 I'm The One - HEAT-TOPPING Version
10%
TREASURE EP.1: All to Zero 1 Intro: Long Journey
10%
TREASURE EPILOGUE: Action To Answer 5 Outro: Long Journey
10%
Singles 2025 Waiting for You
10%
Collaborations 2025 Almost de Bradley Simpson
0%
Singles 2020 Call Me Anytime
0%
BEYOND ZERO 1 INTRO (BEYOND ZERO)
0%
Singles 2022 Let's Get Together
0%
SPIN OFF: FROM THE WITNESS 5 Outro: Blue Bird
0%
THE WORLD EP. PARADIGM 6 Outro: Liberty
0%
ZERO : FEVER EPILOGUE 10 Outro: Over the Horizon
0%
Collaborations 2021 Taste Of Korea de Rain, MONSTA X et Brave Girls
0%
Singles 2019 Utopie (Japanese Ver.)
0%
Aucun quiz correspondant
Distribution des résultats
% des personnes avec chaque résultat
Percentile par nombre de réponses
Votre historique - résultats
Vous n’avez pas pris ce quiz depuis la dernière actualisation